| 000 | 00787nam a22002297a 4500 | ||
|---|---|---|---|
| 999 |
_c11876 _d11876 |
||
| 003 | AR-CdUCM | ||
| 008 | 190405b ||||| |||| 00| 0 spa d | ||
| 040 |
_aMUNICIPALIDAD PROVINCIAL DEL CUSCO _cBIBLIOTECA MUNICIPAL DEL CUSCO |
||
| 082 |
_a869.15 / _bG71 / 1925 |
||
| 100 |
_aGonzales Martinez, Enrique _929465 |
||
| 245 | _aLas señales furtivas (1923-1924) / | ||
| 260 |
_aMadrid : _b"Saturnino Calleja", _c1925. |
||
| 300 |
_a129 páginas ; _c19 cm. |
||
| 440 |
_aSerie _n1 _929466 |
||
| 505 | _aContenido : Nupcias de plata -- Sábado -- La persecusión -- Balada de los corazones -- Hermetismo ... | ||
| 650 |
_aPoesías _92272 |
||
| 650 |
_aSiglo XX _98 |
||
| 650 |
_aEspañola _924066 |
||
| 700 |
_aUrbana, Luis G. _929467 |
||
| 942 |
_2ddc _cLIBROS |
||
| 945 |
_arah _d05/04/2019 |
||